| 000 | 00358 a2200157 4500 | ||
|---|---|---|---|
| 001 | 68109 | ||
| 020 | _a9783126069700 | ||
| 040 | _cAnchieta - Pituba | ||
| 100 | _aKleppin, Karin | ||
| 240 | 1 | 0 |
_aPrüfen, testen, evaluieren _ldeu / ger |
| 245 | 1 | 0 | _aPrüfen, testen, evaluieren |
| 300 | _a176 | ||
| 362 | 0 | _a2017 | |
| 650 | 4 | _aLíngua alemã | |
| 942 | _cBK | ||
| 999 |
_c68109 _d68109 |
||